| 000 | 00667nam a22001937a 4500 | ||
|---|---|---|---|
| 999 |
_c21330 _d21330 |
||
| 003 | AR-CdUCM | ||
| 008 | 190305b ||||| |||| 00| 0 spa d | ||
| 040 |
_aMUNICIPALIDAD PROVINCIAL DEL CUSCO _cBIBLIOTECA MUNICIPAL DEL CUSCO |
||
| 082 |
_aES/808/B22 _bB22 |
||
| 100 |
_aBernaola Rivas, Rony _944490 |
||
| 245 |
_aWillayninchik : _bcuentos y relatos andinos / |
||
| 260 |
_aCusco ; _bInkari, _c2017. |
||
| 300 |
_a60 Páginas. : _c17 cm. |
||
| 505 | _aContenido: Perla -- Noticias del viejo Victoriano -- Illachiy -- Uyayuq y los toritos de oro. | ||
| 650 |
_aLiteratura cusqueña _944489 |
||
| 650 |
_aCuentos andinos _966 |
||
| 942 |
_2ddc _cLIBROS |
||
| 945 | _aRoel | ||